The Great Indian Social Reformers (Record no. 65983)
[ view plain ]
| 000 -LEADER | |
|---|---|
| fixed length control field | 00270nam a22001097a 4500 |
| 082 ## - DEWEY DECIMAL CLASSIFICATION NUMBER | |
| Classification number | 920/KUM |
| 100 ## - MAIN ENTRY--AUTHOR NAME | |
| Personal name | Kumar,Anurag |
| 245 ## - TITLE STATEMENT | |
| Title | The Great Indian Social Reformers |
| 260 ## - PUBLICATION, DISTRIBUTION, ETC. (IMPRINT) | |
| Place of publication | Gorgaon |
| Name of publisher | Shubhi Pulication |
| Year of publication | 2019 |
| 700 ## - ADDED ENTRY--PERSONAL NAME | |
| Personal name | Biography |
| 942 ## - ADDED ENTRY ELEMENTS (KOHA) | |
| Koha item type | Books |
| Withdrawn status | Lost status | Damaged status | Not for loan | Home library | Current library | Date acquired | Cost, normal purchase price | Full call number | Accession Number | Price effective from | Koha item type |
|---|---|---|---|---|---|---|---|---|---|---|---|
| MACL | MACL | 09/03/2023 | 795.00 | 920/KUM | CRE040257 | 09/03/2023 | Books |









